000
00322nam a2200133Ia 4500
008
220204s9999 xx 000 0 und d
082
_a
033
_b
JAM;1
100
_a
JAMES, Clifford L
245
0
_a
Principles of economics
250
_a
Ed.9
260
_a
New York
_b
Barnes & Noble
_c
1956
650
_a
Economics
942
_c
BK
999
_c
34096
_d
34096